La Crisis frente a los trabajadores. El tigre suelto y el burro amarrado
Gardado en:
| Formato: | Texto |
|---|---|
| Materias: | |
| Etiquetas: |
Engadir etiqueta
Sen Etiquetas, Sexa o primeiro en etiquetar este rexistro!
|
MARC
| LEADER | 00000 a a2200000 04500 | ||
|---|---|---|---|
| 001 | 1518 | ||
| 003 | |||
| 040 | |||
| 245 | |a La Crisis frente a los trabajadores. El tigre suelto y el burro amarrado | ||
| 650 | |a RECESION ECONOMICA | ||
| 650 | |a POLITICA | ||
| 650 | |a SINDICATOS | ||
| 650 | |a HUELGAS | ||
| 650 | |a RELIGION | ||
| 650 | |a SOCIALISMO | ||
| 650 | |a COSTA RICA | ||
| 773 | |g número 6; páginas 14-16 | ||
| 999 | |c 20606 |d 20606 | ||
